000 00777nam a2200193 i 4500
001 69519
003 ES-MaACL
005 20250902085400.0
007 t|
008 040707s1985 sp ||||1| spa d
100 1 _aGarcía-Diego, José A.
_954541
245 1 3 _aEl masonismo de Fausto de Elhuyar y de algunos otros socios de la Bascongada /
_cpor José A. García-Diego.
260 _aSan Sebastián :
_bReal Sociedad Bascongada de los Amigos del País,
_c1985.
300 _a[10] h. :
_bil. ;
_c21 cm.
500 _aEs separata de: Boletín / Real Sociedad Bascongada de los Amigos del País, A. 41, nº 3-4, p. 441-457.
710 2 _aReal Sociedad Bascongada de los Amigos del País
_96366
852 _aES-MaACL
_j2143-F-3
_bR.114614
999 _c69519
_d69519